Inventario y monitoreo participativo de las aves del AICA del Cañón del río Alicante en los municipios de Maceo y Puerto Berrío (Registro nro. 6144)
[ vista simple ]
| 000 -CABECERA | |
|---|---|
| Campo de control | 01556nam a2200277 a 4500 |
| 090 ## - CLASIFICACIÓN LOCAL | |
| Colección | IAVH |
| Consecutivo | 00636 |
| 041 ## - IDIOMA | |
| Código de idioma para texto/pista de sonido o título separado | Español |
| 100 ## - ASIENTO PRINCIPAL--NOMBRE PERSONAL | |
| Nombre personal | Ochoa Quintero, José Manuel |
| 245 ## - MENCION DE TITULO | |
| Título | Inventario y monitoreo participativo de las aves del AICA del Cañón del río Alicante en los municipios de Maceo y Puerto Berrío |
| 260 ## - PUBLICACION, DISTRIBUCION, ETC. (PIE DE IMPRENTA) | |
| Lugar de publicación, distribución, etc. | Medellín |
| Nombre del editor, distribuidor, etc. | Instituto Alexander von Humboldt |
| Fecha de publicación, distribución, etc. | 2004 |
| 300 ## - DESCRIPCION FISICA | |
| Extensión | 206 p. |
| 505 ## - NOTA DE CONTENIDO | |
| Nota de contenido | Producto 1: Plan Operativo Anual |
| 505 ## - NOTA DE CONTENIDO | |
| Nota de contenido | Producto 2: Archivo fotográfico |
| 505 ## - NOTA DE CONTENIDO | |
| Nota de contenido | Producto 3: Presentación del Proyecto |
| 505 ## - NOTA DE CONTENIDO | |
| Nota de contenido | Producto 4: Diseño de cartilla |
| 520 ## - NOTA DE RESUMEN, ETC. | |
| Nota de resumen | Se presenta un inventario completo de la avifauna identificada luego de 504 horas/observación con binóculs y usando redes de niebla. Se presenta un resumen de los documentos utilizados en los talleres de capacitación a un grupo de habitantes locales en identificación y toma de datos de especies de aves de la zona. Se diseñó una cartilla divulgativa con la información relacionada con el proyecto y la lista de chequeo de especies. Además, se presenta una propuesta de investigación en tres especies: Pionopsitta pyrilia, Steatomis caripensis y Crax alberti. |
| 650 ## - ASIENTO SECUNDARIO DE MATERIA - TERMINO TEMATICO | |
| Término temático o nombre geográfico como elemento de entrada | Conservación |
| 650 ## - ASIENTO SECUNDARIO DE MATERIA - TERMINO TEMATICO | |
| Término temático o nombre geográfico como elemento de entrada | Biodiversidad |
| 650 ## - ASIENTO SECUNDARIO DE MATERIA - TERMINO TEMATICO | |
| Término temático o nombre geográfico como elemento de entrada | Inventarios |
| 650 ## - ASIENTO SECUNDARIO DE MATERIA - TERMINO TEMATICO | |
| Término temático o nombre geográfico como elemento de entrada | Avifauna |
| 650 ## - ASIENTO SECUNDARIO DE MATERIA - TERMINO TEMATICO | |
| Término temático o nombre geográfico como elemento de entrada | Talleres de capacitación |
| 650 ## - ASIENTO SECUNDARIO DE MATERIA - TERMINO TEMATICO | |
| Término temático o nombre geográfico como elemento de entrada | Capacitación en identificación de aves |
| 650 ## - ASIENTO SECUNDARIO DE MATERIA - TERMINO TEMATICO | |
| Término temático o nombre geográfico como elemento de entrada | Cartillas |
| 662 ## - ASIENTO SECUNDARIO DE MATERIA - JERARQUIA DEL NOMBRE DE LUGAR( | |
| País o entidad mayor | Colombia |
| Jurisdicción política intermedia | Río Alicante |
| Jurisdicción política de primer orden | Antioquia |
| 700 ## - ASIENTO SECUNDARIO - NOMBRE PERSONAL | |
| Nombre personal | Melo Vásquez, Isabel |
No hay ítems disponibles.